[Event "Dobczyce Dominik Memorial 25th"]
[Site "Dobczyce"]
[Date "2017.07.16"]
[Round "7"]
[White "Golenia, Jan"]
[Black "Betlej, Jan"]
[Result "1/2-1/2"]
[WhiteElo "1968"]
[BlackElo "1860"]
[PlyCount "135"]
[EventDate "2017.07.13"]
[EventType "swiss"]
[EventRounds "7"]
[EventCountry "POL"]
[SourceTitle "EXT 2018"]
[Source "ChessBase"]
[SourceDate "2017.10.13"]
[SourceVersion "1"]
[SourceVersionDate "2017.10.13"]
[SourceQuality "1"]

1. d4 d5 2. c4 e6 3. Nf3 Be7 4. g3 Nf6 5. Bg2 0-0 6. 0-0 Nbd7 7. Qc2 c6 8. Nbd2 b6 9. Rd1 Bb7 10. e4 dxe4 11. Nxe4 Nxe4 12. Qxe4 Nf6 13. Qc2 Qc7 14. Be3 c5 15. h4 Be4 16. Qe2 Qb7 17. dxc5 bxc5 18. Rd2 Rfd8 19. Rad1 Rxd2 20. Rxd2 Ng4 21. Bf4 Rd8 22. Rxd8+ Bxd8 23. Ne5 Bxg2 24. Nxg4 Be4 25. Qd2 Be7 26. Kf1 Bg2+ 27. Kg1 Bh1 28. Ne3 Bc6 29. Be5 f6 30. Bc3 Qc8 31. Qe2 Qd7 32. Qd2 Qxd2 33. Bxd2 Kf7 34. Kf1 Bf3 35. Ke1 g5 36. hxg5 fxg5 37. a3 h5 38. Kf1 Bd6 39. Kg1 Kf6 40. b4 Ke5 41. bxc5 Bxc5 42. Nc2 h4 43. Bxg5 hxg3 44. Be3 Bxe3 45. Nxe3 Kd4 46. c5 gxf2+ 47. Kxf2 Bd5 48. Ke2 Kxc5 49. Kd3 Kb5 50. Kc3 Ka4 51. Kb2 a6 52. Ng4 Kb5 53. Ne5 Kc5 54. Kc3 Be4 55. Nc4 Bb1 56. Nd2 Bg6 57. Nc4 Kd5 58. Nb6+ Ke4 59. Nd7 Kd5 60. Nf8 Be8 61. Nxe6 Kxe6 62. a4 Bxa4 63. Kb2 Kd5 64. Kb1 Kc4 65. Kb2 Bb3 66. Ka1 a5 67. Kb2 Kb4 68. Ka1 1/2-1/2

[Event "Dobczyce Dominik Memorial 25th"]
[Site "Dobczyce"]
[Date "2017.07.13"]
[Round "2"]
[White "Polok, Kacper"]
[Black "Betlej, Jan"]
[Result "1/2-1/2"]
[WhiteElo "2299"]
[BlackElo "1860"]
[PlyCount "79"]
[EventDate "2017.07.13"]
[EventType "swiss"]
[EventRounds "7"]
[EventCountry "POL"]
[SourceTitle "EXT 2018"]
[Source "ChessBase"]
[SourceDate "2017.10.13"]
[SourceVersion "1"]
[SourceVersionDate "2017.10.13"]
[SourceQuality "1"]

1. e4 e5 2. Nf3 Nf6 3. d4 Nxe4 4. Bd3 d5 5. Nxe5 Nd7 6. Nxd7 Bxd7 7. 0-0 Bd6 8. c4 0-0 9. c5 Be7 10. Nd2 Bf5 11. Nxe4 Bxe4 12. Bf4 b6 13. Rc1 Bg5 14. Bxg5 Qxg5 15. Bxe4 dxe4 16. cxb6 cxb6 17. Qb3 Rac8 18. Rxc8 Rxc8 19. d5 Rd8 20. Rd1 Qe5 21. g3 h5 22. h4 Rd6 23. Kg2 g5 24. hxg5 Qxg5 25. Qc4 Qf5 26. Qb3 h4 27. Qe3 hxg3 28. fxg3 Rxd5 29. Re1 Rd3 30. Qe2 e3 31. Qf3 Rd2+ 32. Re2 Qc2 33. Qg4+ Kf8 34. Qb4+ Kg7 35. Qg4+ Kf8 36. Qb4+ Ke8 37. Qb5+ Kd8 38. Kf3 Rxe2 39. Qxe2 Qxe2+ 40. Kxe2 1/2-1/2